Statistics for 25 countries with the highest unemployment rate

Click here to take the quiz!

General Stats

  • This quiz has been taken 64 times
  • The average score is 14 of 25

Answer Stats

RateContinentCountry% Correct
30%AfricaMali
75%
95%AfricaZimbabwe
71%
41%CaribbeanHaiti
70%
35%Middle EastYemen
70%
40%AfricaKenya
68%
25%AfricaSouth Africa
64%
23%EuropeSerbia
61%
35%Middle EastAfghanistan
59%
43%EuropeBosnia and Herzegovina
57%
59%AfricaDjibouti
57%
45%EuropeKosovo
57%
51%AfricaNamibia
57%
45%AfricaLesotho
55%
30%AfricaLibya
55%
85%AfricaLiberia
54%
31%EuropeMacedonia
54%
40%AfricaSwaziland
54%
30%AfricaMauritania
52%
90%OceaniaNauru
52%
48%AfricaSenegal
52%
77%AfricaBurkina Faso
50%
46%AsiaNepal
46%
60%AsiaTurkmenistan
46%
30%AfricaCameroon
45%
25%CaribbeanGrenada
39%

Score Distribution

Percentile by Number Answered

Percent of People with Each Score

Your Score History

You have not taken this quiz